000 00698nam a2200241Ia 4500
003 OSt
005 20220928130608.0
006 a|||||r|||| 00| 0
007 ta
008 220927b |||||||| |||| 00| 0 eng d
024 _a67738
037 _cTextual
040 _aSDCL
_cSDCL
_beng
041 _2eng
_aeng
082 _aX:89K, P5
100 _aSen Rahul Ed.
_9441648
245 0 _aRegional economic integration
_bCase for a regional export credit agency for Asia
260 _aSingapore
_bInstitute of South-East Asian Studies
_c2005
300 _axxi,94p
_ccm.
650 _aRegional Economics
942 _hX:89K, P5
_cTEXL
_2CC
999 _c787490
_d787490